<?xml version="1.0" encoding="UTF-8"?>
<collection xmlns="http://www.loc.gov/MARC21/slim">
  <record>
    <leader>00000nam  2200000   4500</leader>
    <controlfield tag="001">INLIS000000000015970</controlfield>
    <controlfield tag="005">20231004030610</controlfield>
    <datafield tag="035" ind1="#" ind2="#">
      <subfield code="a">0010-1023000052</subfield>
    </datafield>
    <datafield tag="245" ind1="1" ind2="#">
      <subfield code="a">Strategi Badan Intelijen Negara Dalam Deteksi Dini dan Peringatan Dini Terhadap Gerakan Radikal-Terorisme Jelang Pemilihan Umum /</subfield>
      <subfield code="c">Nurhidayat</subfield>
    </datafield>
    <datafield tag="100" ind1=" " ind2="#">
      <subfield code="a">Nurhidayat</subfield>
    </datafield>
    <datafield tag="250" ind1="#" ind2="#">
      <subfield code="a">1</subfield>
    </datafield>
    <datafield tag="300" ind1="#" ind2="#">
      <subfield code="a">72 halaman :</subfield>
      <subfield code="b">ilus ;</subfield>
      <subfield code="c">30 cm</subfield>
    </datafield>
    <datafield tag="856" ind1="#" ind2="#">
      <subfield code="a">Perpustakaan LAN Pusat</subfield>
    </datafield>
    <datafield tag="260" ind1="#" ind2="#">
      <subfield code="a">Jakarta :</subfield>
      <subfield code="b">Pusbangkom Pimnas dan Manajerial ASN,</subfield>
      <subfield code="c">2022</subfield>
    </datafield>
    <datafield tag="084" ind1="#" ind2="#">
      <subfield code="a">R 101 PIM I 2022</subfield>
    </datafield>
    <datafield tag="650" ind1="#" ind2="4">
      <subfield code="a">Terorisme</subfield>
    </datafield>
    <datafield tag="520" ind1="#" ind2="#">
      <subfield code="a">Proyek perubahan ini nantinya akan mengaplikasikan peran strategis Badan Inteligen Negara dalam mengantisipasi gerakan radikal-terorisme jelang Pemilihan Umum 2024. Hal ini dilakukan karena gerakan radikal-terisme berafiliasi dengan kelompok politik identitas, sedangkan terorisme telah menjadi bahaya laten yang dihidupkan oleh kelompok intoleran yang merasa bahwa sistem demokrasi merupakan sebuah sistem yang salah, sehingga terorisme telah menjadi bahaya laten yang dihidupkan oleh kelompok intoleran yang merasa bahwa sistem demokrasi merupakan sebuah sistem yang salah, sehingga harus diganti dengan sistem lain, karena ekslusifisme menyebabkan perbedaan pandangan anatar golongan. Hal ini juga berimbas pada keretakan sosial di masyarakat</subfield>
    </datafield>
    <datafield tag="990" ind1="#" ind2="#">
      <subfield code="a">101</subfield>
    </datafield>
  </record>
</collection>
